000 00585nam a2200181 a 4500
001 000032658
005 20240702114200.0
008 110725t1956 dr 001 0 spa d
040 _aDO-SdBNP
_bspa
_cBNPHU
082 _aF-RD 78
100 1 _aLacay Polanco, Ramón,
_d1918-1986
_923155
245 1 0 _aPerfiles de Trujillo /
_cRamón Lacay Polanco.
260 _aCiudad Trujillo, República Dominicana :
_bAtenas,
_c1956.
300 _a55 p. ;
_c22 cm.
600 1 0 _aTrujillo Molina, Rafael Leónidas,
_d 1891-1961
_976764
910 _aValidado. Control de calidad EMS.
049 _aBNPD
999 _c32149
_d32149